<?xml version="1.0" encoding="UTF-8"?>
<collection xmlns="http://www.loc.gov/MARC21/slim">
    <record>
        <controlfield tag="001">94489</controlfield>
        <controlfield tag="005">20200730131930.0</controlfield>
        <datafield tag="022" ind1=" " ind2=" ">
            <subfield code="a"></subfield>
        </datafield>
        <datafield tag="041" ind1=" " ind2=" ">
            <subfield code="a">spa</subfield>
        </datafield>
        <datafield tag="245" ind1=" " ind2=" ">
            <subfield code="a">
Boletín de la Casa de Aragón (Madrid), Año 1, N.2, (1931)
</subfield>
        </datafield>
        <datafield tag="260" ind1=" " ind2=" ">
            <subfield code="a">Madrid</subfield>
            <subfield code="c">1931</subfield>
        </datafield>
        <datafield tag="490" ind1=" " ind2=" ">
            <subfield code="a">Boletín de la Casa de Aragón (Madrid)</subfield>
        </datafield>
        <datafield tag="538" ind1=" " ind2=" ">
            <subfield code="a">
Texto completo. Available electronically via Internet
</subfield>
        </datafield>
        <datafield tag="540" ind1=" " ind2=" ">
            <subfield code="9">
info:eu-repo/semantics/openAccess $a Esta obra está sujeta a una licencia de uso Creative Commons. Se permite la reproducción total o parcial, la distribución, la comunicación pública de la obra y la creación de obras derivadas, siempre que no sea con finalidades comerciales, y sempre que se reconzca la autoria de la obra original.
</subfield>
            <subfield code="u">https://creativecommons.org/licenses/by-nc/4.0/</subfield>
        </datafield>
        <datafield tag="653" ind1="1" ind2=" ">
            <subfield code="a">Aragón</subfield>
        </datafield>
        <datafield tag="710" ind1=" " ind2=" ">
            <subfield code="a">La Casa de Aragón en Madrid</subfield>
        </datafield>
        <datafield tag="856" ind1="4" ind2=" ">
            <subfield code="s">15652440</subfield>
            <subfield code="u">http://zaguan.unizar.es/record/94489/files/bca.pdf</subfield>
        </datafield>
        <datafield tag="856" ind1="4" ind2=" ">
            <subfield code="s">276230</subfield>
            <subfield code="u">http://zaguan.unizar.es/record/94489/files/bca.jpg?subformat=icon</subfield>
            <subfield code="x">icon</subfield>
        </datafield>
        <datafield tag="907" ind1=" " ind2=" ">
            <subfield code="a">.b1381153</subfield>
        </datafield>
        <datafield tag="909" ind1="C" ind2="O">
            <subfield code="o">oai:zaguan.unizar.es:94489</subfield>
            <subfield code="p">driver</subfield>
            <subfield code="p">revistas</subfield>
        </datafield>
        <datafield tag="980" ind1=" " ind2=" ">
            <subfield code="a">REVISTAS</subfield>
            <subfield code="b">REV_BGU</subfield>
            <subfield code="c">BCA</subfield>
        </datafield>
    </record>

    
</collection>